Randomized Hangman - 10 Letters - Statistics

General Stats
  • This quiz has been taken 60 times
  • The average score is 6 of 10
Answer Stats
Code Word % Correct
A
100%
word A
100%
A
100%
word A
100%
A
100%
A
100%
A
100%
A
100%
A
100%
A
100%
A
100%
A
100%
word C
100%
C
100%
word C
100%
C
100%
word D
100%
E
100%
word E
100%
E
100%
E
100%
E
100%
E
100%
E
100%
E
100%
E
100%
E
100%
E
100%
E
100%
E
100%
E
100%
E
100%
E
100%
E
100%
E
100%
E
100%
E
100%
E
100%
E
100%
H
100%
I
100%
I
100%
I
100%
I
100%
I
100%
I
100%
word I
100%
I
100%
I
100%
I
100%
I
100%
I
100%
I
100%
I
100%
I
100%
I
100%
word J
100%
L
100%
L
100%
M
100%
M
100%
M
100%
M
100%
M
100%
N
100%
N
100%
N
100%
N
100%
N
100%
N
100%
N
100%
N
100%
N
100%
N
100%
word N
100%
N
100%
N
100%
O
100%
O
100%
O
100%
O
100%
O
100%
O
100%
O
100%
O
100%
O
100%
P
100%
P
100%
word P
100%
R
100%
R
100%
R
100%
R
100%
R
100%
R
100%
R
100%
S
100%
S
100%
S
100%
S
100%
S
100%
S
100%
word T
100%
T
100%
T
100%
T
100%
T
100%
T
100%
T
100%
T
100%
T
100%
T
100%
T
100%
U
100%
U
100%
U
100%
U
100%
W
100%
word I
75%
I
75%
I
75%
I
75%
M
67%
N
67%
N
67%
E
50%
E
50%
E
50%
H
50%
M
50%
O
50%
P
50%
R
50%
T
50%
V
50%
word G
33%
O
33%
V
33%
N
25%
T
25%
T
25%
A
0%
A
0%
A
0%
A
0%
A
0%
A
0%
A
0%
A
0%
A
0%
A
0%
A
0%
A
0%
A
0%
word A
0%
A
0%
A
0%
A
0%
A
0%
A
0%
A
0%
A
0%
word A
0%
word B
0%
C
0%
C
0%
C
0%
C
0%
C
0%
C
0%
C
0%
C
0%
C
0%
C
0%
C
0%
word C
0%
C
0%
word C
0%
C
0%
C
0%
C
0%
C
0%
C
0%
C
0%
C
0%
C
0%
C
0%
C
0%
word C
0%
C
0%
C
0%
C
0%
C
0%
C
0%
C
0%
C
0%
C
0%
C
0%
D
0%
word D
0%
D
0%
D
0%
D
0%
D
0%
D
0%
D
0%
D
0%
D
0%
word D
0%
D
0%
word D
0%
E
0%
E
0%
E
0%
E
0%
E
0%
E
0%
E
0%
word E
0%
E
0%
E
0%
E
0%
E
0%
E
0%
E
0%
E
0%
E
0%
E
0%
E
0%
E
0%
E
0%
E
0%
E
0%
E
0%
E
0%
E
0%
E
0%
E
0%
E
0%
E
0%
E
0%
E
0%
E
0%
E
0%
E
0%
E
0%
E
0%
E
0%
E
0%
E
0%
E
0%
E
0%
E
0%
E
0%
E
0%
E
0%
E
0%
E
0%
E
0%
E
0%
word E
0%
E
0%
E
0%
E
0%
word E
0%
E
0%
E
0%
E
0%
E
0%
E
0%
E
0%
E
0%
E
0%
E
0%
E
0%
E
0%
E
0%
F
0%
F
0%
word F
0%
F
0%
F
0%
F
0%
F
0%
F
0%
F
0%
F
0%
F
0%
G
0%
G
0%
G
0%
G
0%
G
0%
G
0%
G
0%
H
0%
H
0%
H
0%
H
0%
H
0%
H
0%
word H
0%
H
0%
H
0%
H
0%
H
0%
I
0%
I
0%
I
0%
I
0%
I
0%
I
0%
word I
0%
I
0%
I
0%
I
0%
I
0%
I
0%
I
0%
I
0%
I
0%
I
0%
I
0%
word I
0%
I
0%
I
0%
I
0%
I
0%
I
0%
I
0%
I
0%
I
0%
I
0%
I
0%
I
0%
I
0%
I
0%
I
0%
I
0%
I
0%
J
0%
word J
0%
K
0%
word L
0%
L
0%
L
0%
L
0%
word L
0%
L
0%
L
0%
L
0%
L
0%
L
0%
L
0%
L
0%
L
0%
L
0%
L
0%
L
0%
L
0%
word M
0%
M
0%
word M
0%
M
0%
M
0%
M
0%
M
0%
M
0%
word M
0%
M
0%
M
0%
word M
0%
M
0%
M
0%
N
0%
N
0%
N
0%
N
0%
N
0%
N
0%
N
0%
N
0%
N
0%
N
0%
N
0%
N
0%
N
0%
N
0%
N
0%
N
0%
N
0%
N
0%
N
0%
N
0%
N
0%
N
0%
N
0%
N
0%
N
0%
N
0%
N
0%
N
0%
N
0%
N
0%
N
0%
N
0%
N
0%
N
0%
N
0%
N
0%
N
0%
N
0%
N
0%
N
0%
N
0%
O
0%
O
0%
O
0%
O
0%
O
0%
O
0%
O
0%
O
0%
O
0%
O
0%
O
0%
O
0%
word O
0%
O
0%
O
0%
O
0%
word O
0%
P
0%
word P
0%
word P
0%
P
0%
P
0%
P
0%
P
0%
word P
0%
word P
0%
P
0%
P
0%
P
0%
P
0%
word P
0%
word P
0%
P
0%
word P
0%
P
0%
word P
0%
R
0%
R
0%
R
0%
R
0%
R
0%
R
0%
R
0%
R
0%
R
0%
R
0%
R
0%
R
0%
R
0%
word R
0%
R
0%
R
0%
R
0%
word R
0%
R
0%
R
0%
R
0%
R
0%
word R
0%
R
0%
R
0%
R
0%
R
0%
word R
0%
R
0%
R
0%
R
0%
R
0%
S
0%
S
0%
S
0%
S
0%
word S
0%
S
0%
S
0%
S
0%
S
0%
S
0%
word S
0%
S
0%
S
0%
S
0%
S
0%
S
0%
S
0%
word S
0%
S
0%
S
0%
S
0%
S
0%
S
0%
S
0%
S
0%
word S
0%
S
0%
S
0%
S
0%
S
0%
S
0%
S
0%
S
0%
S
0%
T
0%
T
0%
T
0%
T
0%
word T
0%
T
0%
T
0%
T
0%
T
0%
T
0%
T
0%
T
0%
T
0%
T
0%
T
0%
T
0%
T
0%
T
0%
T
0%
T
0%
T
0%
T
0%
T
0%
T
0%
T
0%
word T
0%
T
0%
T
0%
T
0%
T
0%
T
0%
T
0%
T
0%
T
0%
word T
0%
T
0%
U
0%
U
0%
U
0%
word U
0%
U
0%
U
0%
U
0%
U
0%
U
0%
U
0%
U
0%
U
0%
word U
0%
U
0%
V
0%
V
0%
V
0%
V
0%
V
0%
V
0%
V
0%
V
0%
V
0%
V
0%
V
0%
V
0%
V
0%
V
0%
X
0%
X
0%
Y
0%
Y
0%
Y
0%
Y
0%
Y
0%
Y
0%
Y
0%
No matching quizzes found
Score Distribution
Percent of People with Each Score
Percentile by Number Answered
Your Score History
You have not taken this quiz